[Event "Mittelrhein Verbandsliga-W 1112"]
[Site "Germany"]
[Date "2011.11.13"]
[Round "3.2"]
[White "Kleinen, Sandro"]
[Black "Haverkamp, Klaus"]
[Result "1-0"]
[WhiteElo "1973"]
[BlackElo "1969"]
[PlyCount "103"]
[EventDate "2011.09.18"]
[EventType "team-tourn"]
[EventRounds "11"]
[EventCountry "GER"]
[SourceTitle "EXT 2013"]
[Source "ChessBase"]
[SourceDate "2012.11.22"]
[SourceVersion "1"]
[SourceVersionDate "2012.11.22"]
[SourceQuality "1"]
[WhiteTeam "Uebach Palenberg"]
[BlackTeam "Herzogenrath"]
[WhiteTeamCountry "GER"]
[BlackTeamCountry "GER"]

1. e4 e5 2. d4 exd4 3. Nf3 Nc6 4. Bc4 Nf6 5. 0-0 d5 6. exd5 Nxd5 7. Nxd4 Nxd4 8. Qxd4 Be6 9. Re1 Be7 10. Nc3 Nxc3 11. Qxc3 Bxc4 12. Qxc4 0-0 13. Bf4 Bd6 14. Rad1 Re8 15. Rxe8+ Qxe8 16. Bxd6 cxd6 17. c3 Qe7 18. Qd4 Rd8 19. g3 h6 20. Kg2 b6 21. a4 Qb7+ 22. f3 Qc6 23. Kf2 Kf8 24. a5 Qc5 25. axb6 axb6 26. Ra1 Qxd4+ 27. cxd4 Rc8 28. Re1 Rc2+ 29. Re2 Rxe2+ 30. Kxe2 d5 31. Kd3 Ke7 32. Kc3 Kd6 33. Kb4 f5 34. Kb5 Kc7 35. Ka6 h5 36. f4 Kc6 37. b4 g6 38. b5+ Kc7 39. h4 Kd7 40. Kxb6 Kd6 41. Ka7 Kc7 42. b6+ Kc6 43. b7 Kb5 44. b8Q+ Kc4 45. Qe5 Kd3 46. Kb6 Kd2 47. Kb5 Kd3 48. Kb4 Kd2 49. Kc5 Kd3 50. Kxd5 g5 51. Qxf5+ Kd2 52. fxg5 1-0

[Event "Goch op 22nd"]
[Site "Goch"]
[Date "2011.10.02"]
[Round "7"]
[White "Haverkamp, Klaus"]
[Black "Esser, Norbert"]
[Result "1/2-1/2"]
[WhiteElo "1995"]
[BlackElo "2188"]
[PlyCount "60"]
[EventDate "2011.09.29"]
[EventType "swiss"]
[EventRounds "7"]
[EventCountry "GER"]
[SourceTitle "EXT 2014"]
[Source "ChessBase"]
[SourceDate "2013.11.20"]
[SourceVersion "1"]
[SourceVersionDate "2013.11.20"]
[SourceQuality "1"]

1. e4 c5 2. Nf3 Nc6 3. d4 cxd4 4. Nxd4 d5 5. Bb5 dxe4 6. Nxc6 Qxd1+ 7. Kxd1 a6 8. Nd4+ axb5 9. Nxb5 Bg4+ 10. Ke1 Rd8 11. N1c3 f5 12. h3 Bh5 13. Bf4 Nf6 14. Rg1 e6 15. g4 Bg6 16. Rd1 Rxd1+ 17. Kxd1 fxg4 18. hxg4 Nxg4 19. Ke2 e5 20. Bg3 h5 21. Bh4 Be7 22. Bxe7 Kxe7 23. Nd5+ Kf7 24. c4 Rd8 25. Nbc3 Bf5 26. Nd1 Be6 27. N1e3 Nh6 28. b3 g6 29. Nc3 Nf5 30. Ned5 Nd4+ 1/2-1/2

[Event "Goch op 22nd"]
[Site "Goch"]
[Date "2011.09.29"]
[Round "1"]
[White "Haverkamp, Klaus"]
[Black "Tanz, Manfred"]
[Result "1-0"]
[WhiteElo "1995"]
[BlackElo "1633"]
[PlyCount "71"]
[EventDate "2011.09.29"]
[EventType "swiss"]
[EventRounds "7"]
[EventCountry "GER"]
[SourceTitle "EXT 2014"]
[Source "ChessBase"]
[SourceDate "2013.11.20"]
[SourceVersion "1"]
[SourceVersionDate "2013.11.20"]
[SourceQuality "1"]

1. e4 c5 2. Nf3 d6 3. d4 cxd4 4. Nxd4 e5 5. Nb5 a6 6. N5a3 Nf6 7. Bg5 h6 8. Bxf6 Qxf6 9. Nc3 Qd8 10. Nd5 b5 11. c4 Bd7 12. cxb5 Qa5+ 13. Qd2 axb5 14. Nxb5 Qxd2+ 15. Kxd2 Kd8 16. b4 Be7 17. a4 Bg5+ 18. Kc3 Ra6 19. h4 Be7 20. a5 f5 21. f3 fxe4 22. fxe4 Rf8 23. Rd1 Bxb5 24. Bxb5 Ra7 25. Rhf1 Rg8 26. Rf7 g6 27. a6 Rf8 28. Rdf1 Rxf7 29. Rxf7 h5 30. Rxe7 Rxe7 31. Nxe7 Nxa6 32. Bxa6 Kxe7 33. Kc4 Kd7 34. Kd5 Kc7 35. Bb5 Kb6 36. Ba4 1-0

[Event "Dieppe op-A 7th"]
[Site "Dieppe"]
[Date "2011.08.30"]
[Round "3"]
[White "Haverkamp, Klaus"]
[Black "Dornbusch, Tatiana"]
[Result "0-1"]
[WhiteElo "1995"]
[BlackElo "2278"]
[PlyCount "158"]
[EventDate "2011.08.28"]
[EventType "swiss"]
[EventRounds "9"]
[EventCountry "FRA"]
[SourceTitle "EXT 2012"]
[Source "ChessBase"]
[SourceDate "2011.11.24"]
[SourceVersion "1"]
[SourceVersionDate "2011.11.24"]
[SourceQuality "1"]

1. e4 e5 2. Nf3 Nc6 3. Bb5 a6 4. Ba4 Nf6 5. 0-0 b5 6. Bb3 Be7 7. Re1 0-0 8. h3 d6 9. c3 Na5 10. Bc2 c5 11. d4 Qc7 12. Nbd2 cxd4 13. cxd4 Nc6 14. d5 Nb4 15. Bb1 a5 16. Nf1 Bd7 17. Bd2 Na6 18. Bd3 Nc5 19. Rc1 Qb7 20. Bb1 Rfc8 21. Ng3 b4 22. Bg5 Na4 23. Re2 Rxc1 24. Qxc1 Rc8 25. Rc2 Rxc2 26. Qxc2 Qc8 27. Qxc8+ Bxc8 28. Bc1 Nd7 29. Bc2 Ndc5 30. Ne1 Ba6 31. Nf5 Bf8 32. Ne3 g6 33. Nd1 Be7 34. Be3 Be2 35. Bxc5 Nxc5 36. Ne3 Bg5 37. b3 Bh6 38. Nc4 Bxc4 39. bxc4 Bd2 40. Nd3 Nxe4 41. Nxb4 Nc3 42. Nd3 e4 43. Nb2 f5 44. a4 Ne2+ 45. Kf1 Nd4 46. Bb1 Kf7 47. Nd1 Ke7 48. Ne3 Bxe3 49. fxe3 Nb3 50. Ke2 Nc5 51. Bc2 g5 52. g3 Kf6 53. Bd1 Nd3 54. Bc2 Ne5 55. Bb3 h5 56. Kf2 Nd3+ 57. Kf1 h4 58. gxh4 gxh4 59. Bc2 Ne5 60. Bb3 Ke7 61. Ke2 Kd7 62. Kd2 Nf3+ 63. Kc3 Ng1 64. c5 Nxh3 65. c6+ Kc7 66. Bc4 Nf2 67. Bf1 h3 68. Kd2 h2 69. Bg2 h1Q 70. Bxh1 Nxh1 71. Ke2 Ng3+ 72. Kf2 Nh5 73. Kg2 Nf6 74. Kg3 Nxd5 75. Kh4 f4 76. exf4 e3 77. Kg3 e2 78. Kf2 Nxf4 79. Ke1 Kxc6 0-1

[Event "Fourmies op 35th"]
[Site "Fourmies"]
[Date "2011.06.12"]
[Round "3"]
[White "Haverkamp, Klaus"]
[Black "Vis, Peter"]
[Result "1-0"]
[WhiteElo "2003"]
[BlackElo "1597"]
[PlyCount "25"]
[EventDate "2011.06.11"]
[EventType "swiss"]
[EventRounds "7"]
[EventCountry "FRA"]
[SourceTitle "CBM 142 Extra"]
[Source "ChessBase"]
[SourceDate "2011.06.27"]
[SourceVersion "1"]
[SourceVersionDate "2011.06.27"]
[SourceQuality "1"]

1. e4 e5 2. Nf3 Nf6 3. d4 d6 4. Bc4 Be7 5. Nc3 Nbd7 6. 0-0 c6 7. a4 Qc7 8. Qe2 Nf8 9. dxe5 dxe5 10. Bxf7+ Kxf7 11. Qc4+ Ke8 12. Nb5 Qd7 13. Nxe5 1-0